1623 1256 1140 1158 1607 1614 1114 1936 1505 1928 1354 1171 1352 1952 1605 1154 1746 1960 1603 1177 1142 1077 1553 1837 1106 1479 1827 1818 1179 1758 1710 1011 1322 1341 1088 1135 1310 1489 1226 1920 1088 1793 1049 1092 1379 1012 1763 1545 1994 1011 1405 1314 1360 1578 1127 1919 1897 1131 1321 1174 1074 1791 1210 1923 1222 1286 1080 1343 1402 1026 1418 1746 1656 1261 1101 1678 1623 1012 1805 1036 1869 1655 1923 1388 1920 1856 1359 1653 1479 1992 1349 1756 1137 1805 1703 1970 1164 1520 1623 BCNSPRNW ULIB Ver.6.0+V

เปลี่ยนเป็นภาษาไทย

Change to English
 แสดงรายละเอียดบรรณานุกรม
  กลับหน้าหลัก

Brief Record : Get Marc (ISO 2709) : E-mail record : QR code < ปิดหน้าต่าง
LEADER : 00000nam 2200000uu 4500
001    13399121024
003     ULIB
008    121030s2552||||th 000 0 tha d
020    ^a9789742357436
050  4 ^aHF5734.5^bก636ค
100 0  ^aกิจคณิตพงศ์ อินทอง
245 10 ^aเคล็ดลับการประชุมอย่างมืออาชีพ /^cกิจคณิตพงศ์ อินทอง
250    ^aพิมพ์ครั้งที่ 1
260    ^aกรุงเทพฯ :^bศรีเสน่ห์การพิมพ์,^c2552
300    ^a112 หน้า
650  7 ^aการประชุม
945    ^p145^l0^i17797
949    ^aทศพร
999 ^a ทศพร
รายการนี้ยังไม่มีแท็ก
คุณยังไม่ได้ล็อกอิน คุณสามารถมีกิจกรรมร่วมกับเว็บไซต์ได้ แต่ต้องล็อกอินก่อน ::
  ล็อกอิน

รายการสื่อสารสนเทศ

ลำดับที่ ประเภท เลขเรียก/บาร์โค้ด สถานที่ สถานะ
1. วิทยาศาสตร์การแพทย์ และสุขภาพ
วิทยาศาสตร์การแพทย์ และสุขภาพ
HF5734.5 ก636ค ฉ.1 
  Barcode: 17797
ห้องสมุดวิทยาเขตสวรรค์ประชารักษ์
►หนังสือทั่วไป
บนชั้น

รายการใกล้เคียง
    หัวเรื่อง [การประชุม]

BibComment


ยังไม่เคยถูกคอมเมนท์

คอมเมนท์ทรัพยากรรายการนี้
  คอมเมนท์: เคล็ดลับการประชุ..


 Copyright 2026. Bcnsprnw @Library